000 01075nam a2200301 a 4500
003 AR-BaBNM
005 20251128205903.0
008 082120s2002 ||||||||||||||000 | spa||
020 _a950-14-0866-3
040 _cAR-BaBNM
100 1 _aGonzález, Ricardo O.
_chijo
245 0 0 _aFlexibilización laboral y régimen de contrato de trabajo
_b1era actualización, formación y capacitación profesional, programas de promoción de la contratación laboral, modelos de contratos, formalidades, eximición de aportes patronales y unificación de obras sociales y aportes
250 _a1ª ed.
260 _aBuenos Aires
_bDepalma
_c1996
300 _aix, 149 p.
500 _aComplementa la obra del mismo autor y inventario no. 114052
650 4 _aFLEXIBILIZACION LABORAL
650 4 _aCONTRATOS DE TRABAJO
650 4 _aEMPLEO
650 4 _aRELACIONES LABORALES
650 4 _aNEGOCIACION COLECTIVA
650 4 _aPOLITICA DE EMPLEO
650 4 _aPOLITICA SALARIAL
653 _aPYMES
653 _aCAPACITACION LABORAL
942 _cBK
998 _cCarmen
999 _c13165
_d13165